Statistics for Movie Title Antonyms #1

Click here to take the quiz!

General Stats

  • This quiz has been taken 97,366 times
    (76,206 since last reset)
  • The average score is 21 of 26

Answer Stats

AntonymsMovie Title% Correct
Forward from the PastBack to the Future
98%
Good GirlsBad Boys
96%
Women in WhiteMen in Black
96%
Live SoftDie Hard
95%
DogmanCatwoman
94%
Good StudentBad Teacher
92%
DeadAlive
91%
The Prince GroomThe Princess Bride
90%
Tame Tame EastWild Wild West
89%
Death is UglyLife is Beautiful
89%
When a Woman Hates a ManWhen a Man Loves a Woman
88%
The Night Before YesterdayThe Day After Tomorrow
88%
The DevilmotherThe Godfather
87%
Dusk of the LivingDawn of the Dead
86%
Parents of WomenChildren of Men
85%
False TruthsTrue Lies
85%
Criminally BrunetteLegally Blonde
84%
Private FriendsPublic Enemies
81%
Hot ValleyCold Mountain
77%
Black DudesWhite Chicks
72%
Nice BoysMean Girls
71%
Rising UpFalling Down
70%
ConvergentDivergent
57%
Crawling ShortWalking Tall
53%
Wonderful SubordinatesHorrible Bosses
46%
Losing AlwayswaterFinding Neverland
35%

Score Distribution

Percentile by Number Answered

Percent of People with Each Score

Your Score History

You have not taken this quiz since the last reset